| 000 | 00616nam a22001817a 4500 | ||
|---|---|---|---|
| 003 | OSt | ||
| 005 | 20250703021250.0 | ||
| 008 | 250617b |||||||| |||| 00| 0 eng d | ||
| 020 | _a978-1-98464-628-6 | ||
| 040 |
_aDWCL - Main lib _cOC |
||
| 082 | _aCirc. 686.2 E61 2021 | ||
| 100 | _aMratinlovic, Aleksander | ||
| 245 |
_aEntrepreneur's guide: _b3d printing manufacturing/ _cMratinlovic, Aleksander [and ten others] |
||
| 260 |
_aNew York: _b3G E-learning, _cc2021. |
||
| 300 |
_avii, 253 pages: _billustrations; _c25 cm. |
||
| 504 | _aIncludes bibliographical references and index. | ||
| 942 |
_2ddc _cBK-CIRC _kCirc. _n0 |
||
| 999 |
_c3116 _d3116 |
||